000 00804nam a2200265Ia 4500
008 180523s9999 xx 000 0 und d
020 _a971-584-518-5
050 _aMAIN RT 89
050 _b.N87 2006
245 0 _aNursing management and leadership /
245 0 _cedited by Linda Roussel, Russell C. Swansburg, Richard J. Swansburg.
250 _a4th Edition
260 _aSudbury, Mass. :
260 _bJones and Bartlett Publishers,
260 _c2006
300 _a498 pages :
300 _billustrations ;
300 _c26 cm.
500 _aIncludes bibliographical references and index.
650 _aAdministrative personnel.
650 _aLeadership.
650 _aNursing services -- Administration.
650 _xNurse administrators.
650 _xNursing , Supervisory.
999 _c357680
_d357680